[Event "EU-chT Seniors 65"]
[Site "Novi Sad"]
[Date "2017.07.02"]
[Round "8.1"]
[White "Van de Wynkele, Herman"]
[Black "Milosavac, Ljubomir"]
[Result "1-0"]
[WhiteElo "1996"]
[BlackElo "2092"]
[PlyCount "45"]
[EventDate "2017.06.25"]
[EventType "team-tourn"]
[EventRounds "9"]
[EventCountry "SRB"]
[SourceTitle "CBM 179 Extra"]
[Source "ChessBase"]
[SourceDate "2017.08.23"]
[SourceVersion "1"]
[SourceVersionDate "2017.08.23"]
[SourceQuality "1"]
[WhiteTeam "Belgium 65"]
[BlackTeam "Serbia Gerontologic Centar 65"]
[WhiteTeamCountry "BEL"]
[BlackTeamCountry "SRB"]

1. e4 e5 2. Bc4 Be7 3. Nc3 Nf6 4. d3 Nc6 5. Nge2 Na5 6. 0-0 Nxc4 7. dxc4 d6 8. h3 Qd7 9. Qd3 Qc6 10. Be3 b6 11. f4 Ba6 12. b3 0-0-0 13. a4 Bb7 14. Nd5 Rhe8 15. a5 Nd7 16. b4 Nf6 17. b5 Qd7 18. axb6 axb6 19. f5 Nxd5 20. cxd5 Rg8 21. Ra7 f6 22. Qc4 g6 23. Qc6 1-0